Central Library OPAC University of Rajshahi

Winning pocket billiards : (Record no. 19421)

MARC details
000 -LEADER
fixed length control field 00653nam a22002171 4500
001 - CONTROL NUMBER
control field 19421
003 - CONTROL NUMBER IDENTIFIER
rucl marc code BD-RjUL
005 - DATE AND TIME OF LATEST TRANSACTION
control field 20211209000430.0
008 - FIXED-LENGTH DATA ELEMENTS--GENERAL INFORMATION
fixed length control field 140224s1965 nyuac 000 0 eng
035 ## - SYSTEM CONTROL NUMBER
System control number (BD-RjUL)19481
040 ## - CATALOGING SOURCE
Original cataloging agency DLC
Transcribing agency Wa
Modifying agency BD-RjUL
Language of cataloging eng
041 ## - LANGUAGE CODE
Language code of text/sound track or separate title eng
082 00 - DEWEY DECIMAL CLASSIFICATION NUMBER
Classification number 794.72
Author mark and year MOW 1969
100 1# - MAIN ENTRY--PERSONAL NAME
Personal name Mosconi, Willie.
9 (RLIN) 59690
245 10 - TITLE STATEMENT
Title Winning pocket billiards :
Remainder of title for beginners and advanced players. With a section on trick shots /
Statement of responsibility, etc. Willie Mosconi.
260 ## - PUBLICATION, DISTRIBUTION, ETC. (IMPRINT)
Place of publication, distribution, etc. New York :
Name of publisher, distributor, etc. Crown Publishers ,
Date of publication, distribution, etc. 1965.
300 ## - PHYSICAL DESCRIPTION
Pagination 139 p. :
Illustrations illus., ports. ;
Size 21 cm.
942 ## - ADDED ENTRY ELEMENTS (KOHA)
Source of classification or shelving scheme Dewey Decimal Classification
Koha item type Books
Holdings
Lost status Source of classification or shelving scheme Damaged status Not for loan Collection code Permanent Location Current Location Shelving location Date acquired Total Checkouts Full call number Date last seen Copy number Koha item type
  Dewey Decimal Classification     Non-fiction Central Library, University of Rajshahi Central Library, University of Rajshahi Reading Room 24/02/2014   794.72 MOW 1969 24/02/2014 C-1 Books